Bayer Leverkusen all time xi - Statistics

General Stats
  • This quiz has been taken 44 times
  • The average score is 4 of 11
Answer Stats
Hint Answer % Correct
FW(Bulgaria) Dimitar Berbatov
76%
DF(Brazil) Lúcio
71%
DF(Germany) Jonathan Tah
58%
FW(Germany) Stefan Kießling
42%
DF(Brazil) Wendell
29%
DF(Germany) Lars Bender
26%
FW(Germany) Ulf Kirsten
26%
MF(Germany) Karim Bellarabi
13%
MF(Germany) Carsten Ramelow
11%
GK(Germany) Rüdiger Vollborn
11%
MF(Germany) Thomas Hörster
0%
No matching quizzes found
Score Distribution
Percent of People with Each Score
Percentile by Number Answered
Your Score History
You have not taken this quiz